000 00297nam a2200097Ia 4500
008 241105s9999 xx 000 0 und d
041 _aeng
100 _aVichare Purva
245 _aZero Energy Design Commercial Retail Building In Warm And Humid Climate
260 _bM.Arch Environmental, Pune
_c2014
999 _c360958
_d360958